Efficiency and equity of climate change policy

Αποθηκεύτηκε σε:
Λεπτομέρειες βιβλιογραφικής εγγραφής
Άλλοι συγγραφείς: Carraro, Carlo (Επιμελητής έκδοσης)
Μορφή: Βιβλίο
Γλώσσα:English
Δημοσίευση: Dordrecht : Kluwer Academic Publishers, c2000
Σειρά:Economics, energy and environment ; ; 15
Θέματα:
Ετικέτες: Προσθήκη ετικέτας
Δεν υπάρχουν, Καταχωρήστε ετικέτα πρώτοι!

MARC

LEADER 00000nam a2200000 i 4500
001 1/38089
008 030714s2000 eng d
020 |a 0-7923-6262-4 
035 |l 10070375 
040 |a GR-MY-UA  |b gre  |e aacr 
041 0 |a eng 
082 0 |a 363.738746  |2 (21) 
245 1 0 |a Efficiency and equity of climate change policy /  |c edited by Carlo Carraro 
260 |a Dordrecht :   |b Kluwer Academic Publishers,   |c c2000 
300 |a vii, 369 σ.;  |b εικ.;  |c 25 εκ. 
490 1 |a Economics, energy, and environment  |v ; 15 
504 |a Περιέχει ευρετήριο 
650 0 0 |a Climatic changes  |x Government policy. 
650 0 0 |a Greenhouse gases  |x Government policy. 
650 0 0 |a Emissions trading. 
700 1 |a Carraro, Carlo.  |4 edt 
830 0 |a Economics, energy and environment ;  |v ; 15 
852 |a INST  |b LESVOS  |e 20030714  |h 363.738746 EFF  |p 005100027022  |q 005100027022  |t BK  |y 0 
901 |a BIBL1-2003-2 
909 |a Λ  |b 105480 
922 |a 1ΕΛΗ  |b 200306  |c ΕΠΕΑΕΚ2/ΤΠ  |d ΠΑΠΑΣΩΤΗΡΙΟΥ & ΕΛΕΥΘΕΡΟΥΔΑΚΗΣ 
950 |a 107-2002-10-01 
970 |a ΚΑΡΑ  |b ΓΙΑΣΕΜΗ  |z 2003/07/14